| 000 | 00938cam a2200277 i 4500 | ||
|---|---|---|---|
| 001 | 17725283 | ||
| 005 | 20250315111808.0 | ||
| 008 | 130501s2014 stka 001 0 eng | ||
| 020 | _a9780702051432 (paperback) | ||
| 020 | _a9780702051449 (international) | ||
| 020 | _z9780702052828 (ebook) | ||
| 050 | 0 | 0 |
_aRS91 _b.P44 2014 |
| 082 | 0 | 0 |
_a615/.4 _223 |
| 245 | 0 | 0 |
_aPharmaceutical practice / _cedited by Judith A. Rees, Ian Smith, Jennie Watson. |
| 250 | _aFifth edition. | ||
| 260 |
_aEdinburgh _bChurchill Livingstone/Elsevier _c2014 |
||
| 300 |
_axvii, 552 pages : _billustrations ; _c25 cm |
||
| 500 | _aIncludes index. | ||
| 650 | 1 | 2 | _aDrug Compounding. |
| 650 | 2 | 2 | _aDosage Forms. |
| 650 | 2 | 2 | _aPharmacy. |
| 700 | 1 |
_aRees, Judith A., _eeditor of compilation. |
|
| 700 | 1 |
_aSmith, Ian, _d1959 November 24- _eeditor of compilation. |
|
| 700 | 1 |
_aWatson, Jennie, _d1966- _eeditor of compilation. |
|
| 942 |
_2lcc _cBK _e5th ed. _n0 |
||
| 999 |
_c4865 _d4865 |
||